00277nam a2200109Ia 450000500170000000800410001710000070005824500340006526000370009930000110013665000200014720260328101529.0260328s9999||||xx |||||||||||||| ||und|| aUr 0aUrbanisme et Habitation /cUr bPresses Universitaires de France a319 p. aDISEÑO URBANO